Score 0/18 Timer 07:00
0 Plays Today
% Correct
Kloster Lehnin
91.7%
Berlin
91.1%
Handewitt
82.2%
Goldene Bremm
77.7%
Aachen-Vetschau
76.4%
Neuhaus am Inn
75.2%
Saarbrücken
69.4%
Görlitz
66.2%
Munich
66.2%
% Correct
Füssen
59.9%
Weil am Rhein
50.3%
Elten
49%
Bad Reichenhall
45.2%
Oberhausen
38.2%
Waidhaus
35%
Perl
30.6%
Heiligenhafen
17.2%
Hattenbach
15.3%
Remove Ads.
Support Sporcle.
Get the best of Sporcle when you Go Orange. This ad-free experience offers more features, more stats, and more fun while also helping to support Sporcle. Thank you for becoming a member.

You're not logged in!

Compare scores with friends on all Sporcle quizzes.
OR
Log In

Show Comments

Extras

Created Sep 12, 2017ReportNominate
Tags:Germany, Highway, Motorway

Top Quizzes Today


Score Distribution

Your Account Isn't Verified!

In order to create a playlist on Sporcle, you need to verify the email address you used during registration. Go to your Sporcle Settings to finish the process.

Report this User

Report this user for behavior that violates our Community Guidelines.

Details: